| 000 | 01081cab a2200289 4500 | ||
|---|---|---|---|
| 001 | X3311 | ||
| 008 | 090401t1996 xxu||||| |||| 00| 0 eng d | ||
| 035 | _a(Sirsi) u29712 | ||
| 041 | _aeng | ||
| 245 | _aClarksteel Ltd v Birse Construction Ltd | ||
| 260 | _c1996 | ||
| 350 | _a0 | ||
| 490 |
_aConstruction Industry Law Letter _v[1996] CILL 1136-1138(3) |
||
| 520 | _aORB 20 Feburary 1996. Clarksteel argued that the gaps they were required to weld on steel and iron pipes were excessive and they were thus entitled to damages. Dispute centred around a part of the contract referring to British Standards and stating where extra-over rates would apply when pipe joints exceeeded certain BS requirements. | ||
| 650 | _aBRITISH STANDARDS | ||
| 650 | _aBS 3601 | ||
| 650 | _aBS 534 | ||
| 650 | _aEXTRA-OVER RATES | ||
| 650 | _aFCEC BLUE FORM OF CONTRACT | ||
| 650 | _aPIPE LAYING | ||
| 650 | _aQUANTUM MERUIT | ||
| 650 | _aSCHEDULE OF RATES | ||
| 690 | _aBUILT ENVIRONMENT-BUILDING CONTRACT FORMS | ||
| 690 | _aLAW-CASE LAW | ||
| 942 | _n0 | ||
| 948 | _c04/03/1997 | ||
| 999 |
_c19983 _d19983 |
||